What League in the World is that Football Match Played? - Statistics

General Stats
  • This quiz has been taken 88 times
  • The average score is 15 of 20
Answer Stats
Match Answer % Correct
River Plate 1 - 2 Huracán Argentina
98%
FC Dallas 3 - 1 Seattle Sounders United States
98%
WSG Tirol 0 - 2 RB Salzburg Austria
96%
Radomiak 0 - 1 Legia Warsaw Poland
96%
CSKA Moscow 3 - 2 Nizhny Novgorod Russia
96%
Strasbourg 0 - 0 Clermont France
95%
Grêmio 1 - 0 Bahia Brazil
94%
Al Nassr 2 - 0 Al Khaleej Saudi Arabia
94%
Ross County 0 - 3 Celtic Scotland
94%
Excelsior 1 - 1 AZ Alkmaar Netherlands
90%
Pachuca 0 - 2 Monterrey Mexico
89%
Dukla Banská Bystrica 1 - 4 Slovan Bratislava Slovakia
87%
Liga de Quito 2 - 0 Independiente del Valle Ecuador
79%
Elfsborg 2 - 2 Degerfors Sweden
79%
Sarpsborg 1 - 0 Valeranga Norway
77%
Naft 0 - 2 Al Hudod Iraq
50%
Minai 0 - 0 Vorskla Ukraine
50%
Al Salt 0 - 1 Al Wehdat Jordan
34%
NagaWorld 0 - 4 Prey Veng Cambodia
29%
Dynamos 0 - 0 Black Rhinos Zimbabwe
20%
No matching quizzes found
Score Distribution
Percent of People with Each Score
Percentile by Number Answered
Your Score History
You have not taken this quiz